Every Major City in Kazakhstan And Mongolia - Statistics

General Stats
  • This quiz has been taken 13 times
  • The average score is 5 of 8
Answer Stats
Answer % Correct
Astana
100%
Ulaanbaatar
100%
Almaty
92%
Shymkent
62%
Karaganda
46%
Aktau
31%
Pavlodar
31%
Taraz
31%
No matching quizzes found
Score Distribution
Percent of People with Each Score
Percentile by Number Answered
Your Score History
You have not taken this quiz